Statistics for Roman numerals quiz

Click here to take the quiz!

General Stats

  • This quiz has been taken 205 times
    (121 since last reset)
  • The average score is 45 of 50

Answer Stats

Answer% Correct
1I
100%
2II
100%
3III
100%
4IV
100%
9IX
100%
5V
100%
6VI
100%
10X
100%
15XV
100%
7VII
99%
8VIII
99%
11XI
99%
12XII
99%
13XIII
99%
14XIV
98%
16XVI
98%
17XVII
98%
18XVIII
98%
20XX
98%
21XXI
97%
22XXII
97%
23XXIII
97%
30XXX
95%
25XXV
93%
31XXXI
93%
26XXVI
92%
27XXVII
92%
28XXVIII
92%
32XXXII
92%
33XXXIII
92%
24XXIV
91%
19XIX
90%
34XXXIV
89%
35XXXV
89%
29XXIX
88%
36XXXVI
88%
37XXXVII
86%
38XXXVIII
86%
40XL
80%
50L
78%
39XXXIX
75%
41XLI
74%
42XLII
71%
43XLIII
71%
44XLIV
69%
45XLV
68%
46XLVI
68%
47XLVII
65%
48XLVIII
65%
49XLIX
53%

Score Distribution

Percentile by Number Answered

Percent of People with Each Score

Your Score History

You have not taken this quiz since the last reset